| 000 | 00852nam a22002295a 4500 | ||
|---|---|---|---|
| 003 | OSt | ||
| 005 | 20201124142009.0 | ||
| 008 | 080914s2005 ua ||||gr|||| 00| 0 ara d | ||
| 020 | _a9770911585 | ||
| 040 |
_aEG-ScBuE _bara _cEG-ScBuE |
||
| 082 | 0 | 4 |
_a320.9174927 _bا ل ف _222 |
| 245 | 1 | 0 |
_aالدولة المصرية والرؤية العصرية : _bمن فقه المراجعة إلي فكر المستقبل / _cمصطفي الفقى. |
| 250 | _a1ط. | ||
| 260 |
_aالقاهرة : _bدار الشروق ، _c2005. |
||
| 300 |
_a327 ؛ ص _c25 سم. |
||
| 590 | _ayassmeen ashraf | ||
| 650 | _2BUEsh | ||
| 651 | 0 |
_913700 _aالعالم العربي _xالأحوال السياسية _2BUEsh |
|
| 651 | 0 |
_915286 _aالعالم العربي _xعلاقات خارجية _2BUEsh |
|
| 653 |
_bARALIT _cAugust2015 |
||
| 942 |
_cBB _k320.9174927 ا ل ف _2ddc |
||
| 999 |
_c3756 _d3756 |
||